Normal view
MARC view
- Law-Cloud
Entry Topical Term
001 - CONTROL NUMBER
- control field: 6495
003 - CONTROL NUMBER IDENTIFIER
- control field: JO-AjAnu
005 - DATE AND TIME OF LATEST TRANSACTION
- control field: 20230606071343.0
008 - FIXED-LENGTH DATA ELEMENTS
- fixed length control field: 230606|| aca||aabn | a|a d
040 ## - CATALOGING SOURCE
- Original cataloging agency: JO-AjAnu
- Transcribing agency: JO-AjAnu
150 ## - HEADING--TOPICAL TERM
- Topical term or geographic name entry element: Law-Cloud
670 ## - SOURCE DATA FOUND
- Source citation: Work cat.: (JO-AjAnu)3367: Millard, Christopher , author 6494, Cloud Computing Law